| 000 | 00472cam a22001577a 4500 | ||
|---|---|---|---|
| 008 | 180718b2005 xxu||||| |||| 00| 0 eng d | ||
| 020 | _a0821359304 | ||
| 082 | _aQ39 D583 | ||
| 245 |
_aNatural disaster hotspots: a global risk analysis _cby Maxx Dilley... [et.al] |
||
| 260 |
_aWashington, D.C. _bWorld Bank 2005 _c2005 |
||
| 300 | _a132p. | ||
| 440 | _aDisaster risk management series | ||
| 650 | _aEmergency management | ||
| 650 | _aDisasters | ||
| 700 | _aDilley, Maxx | ||
| 999 |
_c292150 _d292150 |
||